| 000 | 00344nam a2200133Ia 4500 | ||
|---|---|---|---|
| 008 | 220216s9999 xx 000 0 und d | ||
| 100 | _aLi C G | ||
| 245 | 0 | _aMultiaxial cyclic response of filled rubber | |
| 260 |
_bRubber Chemistry and Technology _c2000 |
||
| 300 | _a193-204 | ||
| 650 | _aFilled rubber | ||
| 700 | _aSteif P S | ||
| 942 | _cJS | ||
| 999 |
_c63330 _d63330 |
||